Guess the country using general knowledge! - Statistics

General Stats
  • This quiz has been taken 947 times
  • The average score is 9 of 15
Answer Stats
Hint Answer % Correct
Typical food in this country are crêpes and baguettes France
98%
Yuri Gagarin, the first human to journey into outer space, was born in this country Russia
92%
Highest building in the whole Earth is located in this country United Arab Emirates
88%
Zeus and Aphrodite are gods on the mythology of this country Greece
79%
World's highest mountain located in this country Nepal
79%
The world's most populous country China
77%
Country where reggae was first originated Jamaica
72%
Cristobal Colombus traveled to North America when he thought he was traveling to this country India
64%
Rugby was born in this country United Kingdom
57%
9.3 magnitude earthquake caused 230,273 deaths in 2004 in this country Indonesia
56%
Capital city for this country is Antananarivo Madagascar
49%
Angel; world's highest waterfall dropping 979 meters (3,212 feet) is located in this country Venezuela
48%
Country with the lowest population density in Europe Iceland
44%
Country with the world's largest GDP per capita Qatar
23%
World's largest cocoa producer country Côte d'Ivoire
10%
No matching quizzes found
Score Distribution
Percent of People with Each Score
Percentile by Number Answered
Your Score History
You have not taken this quiz